| 000 | 00349nam a22001457a 4500 | ||
|---|---|---|---|
| 008 | 221219b ||||| |||| 00| 0 eng d | ||
| 020 | _a9780781765077 | ||
| 041 | _aeng | ||
| 080 |
_2TWELFTH EDITION _a616.15 |
||
| 082 | _a616.15GRE | ||
| 100 | _a15.1 | ||
| 101 | _aHEMAT | ||
| 245 |
_aWINTROBE'S CLINICAL HEMATOLOGY _cGREER P J |
||
| 942 |
_2udc _cBK |
||
| 999 |
_c59206 _d59206 |
||